Imiona IKON z FIFA 20 - Statystyki

Ogólne statystyki
  • Ten quiz został rozwiązany 487 razy
  • Średni wynik to 23 z 30
Statystyki odpowiedzi
Nazwisko Imię % Poprawnych
Ballack Michael
96%
Henry Thierry
96%
Drogba Didier
94%
Vieira Patrick
94%
Giggs Ryan
94%
Maradona Diego
92%
Lampard Frank
92%
Klose Miroslav
92%
Figo Luís
91%
Owen Michael
91%
Maldini Paolo
89%
Cruyff Johan
88%
Zidane Zinedine
88%
Rush Ian
87%
Jaszyn Lew
87%
Ferdinand Rio
86%
Keane Roy
86%
Essien Michaël
85%
Pirlo Andrea
83%
Bergkamp Dennis
83%
Laudrup Michael
83%
Gerrard Steven
83%
Trezeguet David
82%
Shearer Alan
81%
Cannavaro Fabio
81%
Del Piero Alessandro
80%
Puyol Carles
79%
Baggio Roberto
79%
Best George
78%
Hierro Fernando
77%
Overmars Marc
77%
Campbell Sol
77%
van der Sar Edwin
76%
Lineker Gary
76%
Scholes Paul
76%
Seedorf Clarence
75%
Moore Bobby
74%
Crespo Hernán
74%
Nedvěd Pavel
74%
Inzaghi Filippo
73%
Rijkaard Frank
73%
Gattuso Gennaro
73%
van Basten Marco
73%
Schmeichel Peter
73%
Pirès Robert
73%
Costa Rui
73%
van Nistelrooy Ruud
73%
Zanetti Javier
70%
Kluivert Patrick
69%
Nesta Alessandro
67%
Petit Emmanuel
67%
Zambrotta Gianluca
67%
Blanc Laurent
67%
Matthäus Lothar
65%
Koeman Ronald
65%
Lehmann Jens
63%
Stoiczkow Christo
62%
Butragueño Emilio
61%
Larsson Henrik
61%
Okocha Jay-Jay
61%
Hagi Gheorghe
60%
Vieri Christian
59%
Szewczenko Andrij
58%
Makélélé Claude
58%
Riquelme Juan Román
58%
Hernández Luis
58%
Sánchez Hugo
54%
Zola Gianfranco
53%
Desailly Marcel
53%
Litmanen Jari
52%
Baresi Franco
50%
Verón Juan Sebastián
50%
Wright Ian
48%
González Raúl
48%
Dalglish Kenny
42%
Barnes John
35%
Nakata Hidetoshi
33%
Nie znaleziono quizów pasujących do podanych kryteriów
Rozkład punktacji
Procent ludzi z każdym wynikiem
Percentyl według liczby udzielonych odpowiedzi
Twoja historia wyników
Nie rozwiązałeś tego quizu